000 01181nam a22003257a 4500
003 CHAP
005 20220329135825.0
008 971013s1885 r 00010 d
010 _a42852
011 _a43824
035 _a47961
040 _cCHAP
082 _a917.2
_bP4
100 0 0 _aPeñafiel, Antonio.
_986872
245 _aNombres geográficos de México
_b: catálogo alfabético de los nombres de lugar pertenecientes al idioma nahuatl. estudio geroglífico de la "Matrícula de los tributos" del Códice Mendocino
260 _a(México :
_bSecretaría de Fomento),
_c1885
300 _av.
500 _aLa biblioteca tiene solamente el Atlas.
590 _aBATCH-UPD
_b10
_c20130109
_lUCH01
_h2353
590 _aBATCH-UPD
_b10
_c20130110
_lUCH01
_h2127
590 _aBATCH-UPD
_b10
_c20130409
_lUCH01
_h1925
590 _aBATCH-UPD
_b10
_c20130410
_lUCH01
_h1436
590 _aBATCH-UPD
_b10
_c20130914
_lUCH01
_h1052
590 _aCONVERSION
_b10
_c20130109
_lUCH01
_h1324
650 1 4 _aCódice Mendocino.
_927679
650 1 4 _aMéxico
_xNombres geográficos.
_976782
901 _aBK
942 _cLIBRO
949 _a917.2 P4
_bBC
_cBPP
_d-108808
_eBPP
_fAtlas
_h25728
_i47961
_si
999 _c42852
_d42852